000 00573nam a2200217 i 4500
001 123359
003 ES-MaACL
005 20230906192146.0
007 t|
008 070214s1977 sp a r ||||1| spa d
080 _a159.9.019.4
100 1 _aRachlin, Howard.
_994882
245 1 0 _aIntroducción al conductismo moderno /
_cHoward Rachlin.
260 _aMadrid :
_bDebate,
_c1977.
300 _a318 p. :
_bil. ;
_c23 cm.
490 1 _aCampus
650 4 _aConductismo.
_9154988
830 0 _aCampus
_9184231
852 _aES-MaACL
_jA-7769
999 _c123359
_d123359